Principles of communications : (Record no. 196639)

000 -LEADER
fixed length control field 00725 a2200241 4500
003 - CONTROL NUMBER IDENTIFIER
control field Nust
005 - DATE AND TIME OF LATEST TRANSACTION
control field 20170207154318.0
010 ## - LIBRARY OF CONGRESS CONTROL NUMBER
LC control number 2008042932
020 ## - INTERNATIONAL STANDARD BOOK NUMBER
International Standard Book Number 0470252545 (hbk. alk. paper)
020 ## - INTERNATIONAL STANDARD BOOK NUMBER
International Standard Book Number 9780470252543 (hbk. alk. paper)
035 ## - SYSTEM CONTROL NUMBER
System control number (OCoLC)230180761
035 ## - SYSTEM CONTROL NUMBER
System control number (OCoLC)ocn230180761
040 ## - CATALOGING SOURCE
Transcribing agency Nust
082 00 - DEWEY DECIMAL CLASSIFICATION NUMBER
Classification number 621.3822
100 1# - MAIN ENTRY--PERSONAL NAME
Personal name Ziemer, Rodger E.
245 10 - TITLE STATEMENT
Title Principles of communications :
Remainder of title systems, modulation, and noise /
Statement of responsibility, etc. Rodger E. Ziemer, William H. Tranter.
250 ## - EDITION STATEMENT
Edition statement 6th ed.
260 ## - PUBLICATION, DISTRIBUTION, ETC.
Place of publication, distribution, etc. Hoboken, NJ :
Name of publisher, distributor, etc. Wiley,
Date of publication, distribution, etc. c2009.
300 ## - PHYSICAL DESCRIPTION
Extent xvi, 736 p. :
Other physical details ill. ;
Dimensions 25 cm.
650 #0 - SUBJECT ADDED ENTRY--TOPICAL TERM
Topical term or geographic name entry element Signal theory (Telecommunication)
650 #0 - SUBJECT ADDED ENTRY--TOPICAL TERM
Topical term or geographic name entry element Telecommunication.
700 1# - ADDED ENTRY--PERSONAL NAME
Personal name Tranter, William H.
942 ## - ADDED ENTRY ELEMENTS (KOHA)
Source of classification or shelving scheme
Koha item type Book
Holdings
Withdrawn status Lost status Source of classification or shelving scheme Damaged status Not for loan Collection code Permanent Location Current Location Date acquired Total Checkouts Full call number Barcode Checked out Date last seen Date last checked out Price effective from Koha item type
            Military College of Signals (MCS) Military College of Signals (MCS) 12/12/2016 1 621.3822 ZIE MCS36800 09/22/2022 08/23/2022 08/23/2022 12/12/2016 Book
© 2023 Central Library, National University of Sciences and Technology. All Rights Reserved.